Sports Quiz

Random Sports Quiz

FA Cup Winners Quiz Stats

 Plays Quiz not verified by Sporcle

Support Sporcle.
Go Orange.
Score 0/35 Timer 10:00
0 Plays Today
% Correct
Arsenal
98.3%
Manchester United
97.2%
Liverpool
96.6%
Manchester City
96%
Chelsea
95.5%
Tottenham
92%
Everton
90.9%
West Ham United
87.5%
Sunderland
86.9%
Portsmouth
85.8%
Leeds United
85.8%
Aston Villa
84.7%
Newcastle United
84.7%
Blackburn Rovers
79.5%
West Bromwich Albion
79%
Southampton
78.4%
Coventry
77.8%
Wolves
77.3%
% Correct
Wimbledon
76.1%
Ipswich
75%
Bolton
74.4%
Blackpool
73.3%
Nottingham Forest
72.7%
Derby
70.5%
Sheffield Wednesday
69.9%
Burnley
68.2%
Sheffield United
65.3%
Preston
63.1%
Cardiff
61.4%
Huddersfield
58%
Charlton
55.1%
Bradford
50%
Barnsley
49.4%
Bury
49.4%
Notts County
47.7%

You're not logged in!

Compare scores with friends on all Sporcle quizzes.
OR
Log In

From the Vault

BCS Standings History

by mishuggina

BCS Standings: Check your statistics and logic at the door.
Remove Ads.
Support Sporcle.
Get the best of Sporcle when you Go Orange. This ad-free experience offers more features, more stats, and more fun while also helping to support Sporcle. Thank you for becoming a member.

Show Comments

Extras

Created Feb 22, 2011ReportNominate
Tags:cup, FA Cup, last, Winner

Top Quizzes Today


Score Distribution

Your Account Isn't Verified!

In order to create a playlist on Sporcle, you need to verify the email address you used during registration. Go to your Sporcle Settings to finish the process.

Report this User

Report this user for behavior that violates our Community Guidelines.

Details: